Responsabilidad extracontractual

Bibliographic Details
Main Author: Ruiz Orejuela, Wilson
Format: Unknown
Language:Spanish
Published: Colombia : ECOE, 2008
Subjects:
Online Access:Acceso restringido

MARC

LEADER 00000ny a22000003n 4500
005 20110620140713.0
008 091211s2008 ck 000 0 spa d
020 |a 9789586485364 
035 |a 2520 
040 |a BUS  |d vLex 
090 |c 885  |d 885 
100 1 |a Ruiz Orejuela, Wilson  
245 1 0 |a Responsabilidad extracontractual  |h [Recurso electrn̤ico]  |c Wilson Ruiz Orejuela  
256 |a Servicio en ln̕ea 
260 |a Colombia :  |b ECOE,  |c 2008 
300 |a p. ;  |c cm 
506 1 |a Contenido solo disponible en los productos indicados  |d vLex Global  |d vLex Global (Academic Edition, excluding Law Schools)  |d vLex Global (U.S. Academic Edition, Law Schools)  |d vLex Global (U.S. Academic Edition, excluding Law Schools)  |d vLex Global (Academic Edition, Law Schools) 
650 0 4 |a Derecho civil  |z Colombia  |x Legislacin̤ 
740 0 |a vLex Libros (Servicios en ln̕ea) 
856 4 0 |u http://vlex.com/source/2520  |z Acceso restringido 
942 |c BOOK 
999 0 |a Civil Law  |b Colombia